Pays avec les noms les plus similaires à Chine - Statistiques

Statistiques générales
  • Ce quiz a été pris 76 fois
  • Le résultat moyen est 4 sur 21
Statistiques - réponses
% Pays % Correct
95,2 Chili
81%
68 France
38%
75,2 Japon
34%
86,4 Fidji
18%
70,4 Tchad
18%
68,8 Liban
16%
76,8 Maroc
15%
81,6 Bénin
13%
72 Guinée
13%
77,6 Libye
12%
71,2 Niger
12%
68 Tonga
12%
77,6 Gabon
10%
79,2 Malte
10%
74,4 Samoa
10%
87,2 Ghana
9%
76,8 Grèce
9%
82,4 Haïti
9%
68 Brunei
6%
75,2 Kenya
6%
71,3 Angola
4%
Aucun quiz correspondant
Distribution des résultats
% des personnes avec chaque résultat
Percentile par nombre de réponses
Votre historique - résultats
Vous n’avez pas pris ce quiz